000
00299nam a22001337a 4500
008
181121b xxu||||| |||| 00| 0 eng d
020
_a
9780764551123
041
_a
eng
080
_2
2 th
_a
004
100
_a
38
101
_a
SHK
245
_a
Mutual Funds For Dummies
_c
Eric,t
942
_2
udc
_c
BK
999
_c
52252
_d
52252